Guess the Taylor Swift's song by the Bridge #2 - Statistics

General Stats
  • This quiz has been taken 7,498 times
  • The average score is 11 of 15
Answer Stats
Bridge Song % Correct
" I don't trust nobody and nobody trusts me, I'll be the actress starring in your bad dreams, I don't trust nobody and nobody trusts me, I'll be the actress starring in your bad dreams, I don't trust nobody and nobody trusts me, I'll be the actress starring in your bad dreams, I don't trust nobody and nobody trusts me, I'll be the actress starring in your bad dreams " Look What You Made Me Do - reputation
94%
" Band-aids don't fix bullet holes, you say sorry just for show, if you live like that, you live with ghosts, band-aids don't fix bullet holes, you say sorry just for show, if you live like that, you live with ghosts, if you love like that, blood runs cold! " Bad Blood - 1989
92%
" Remembering him comes in flashbacks and echoes, tell myself it's time now, gotta let go, but moving on from him is impossible, when I still see it all in my head, in burning red " Red (Taylor's Version) - Red (Taylor's Version)
91%
" Remember when you hit the brakes too soon?, twenty stitches in the hospital room, when you started crying, baby, I did too, but when the sun came up, I was looking at you, remember when we couldn't take the heat?, I walked out, I said, "I'm setting you free", but the monsters turned out to be just trees, when the sun came up, you were looking at me, you were looking at me, ooh, you were looking at me " Out Of The Woods - 1989
90%
" I used to think that we were forever, ever, and I used to say, "Never say never" Ugh, so he calls me up and he's like, "I still love you" and I'm like, I just, I mean, this is exhausting, you know? Like, we are never getting back together, like, ever " We Are Never Ever Getting Back Together (Taylor’s Version) - Red (Taylor's Version)
89%
" I miss your tan skin, your sweet smile, so good to me, so right, and how you held me in your arms that September night, the first time you ever saw me cry, maybe this is wishful thinking, probably mindless dreaming, but if we loved again, I swear I'd love you right, and I'd go back in time and change it, but I can't, so, if the chain is on your door, I understand " Back to December - Speak Now
88%
" Your Midas touch on the Chevy door, November flush and your flannel cure, "This dorm was once a madhouse", I made a joke, "Well, it's made for me" How evergreen, our group of friends, don't think we'll say that word again, and soon they'll have the nerve to deck the halls that we once walked through, one for the money, two for the show, I never was ready so I watch you go, sometimes you just don't know the answer, 'Til someone's on their knees and asks you, "She would've made such a lovely bride, what a shame she's fucked in the head," they said, but you'll find the real thing instead, he'll patch up your tapestry that I shred " champagne problems - evermore
88%
" And the saddest fear, comes creeping in, that you never loved me, or her, or anyone, or anything, yeah, oh-oh " I Knew You Were Trouble (Taylor's Version) - Red (Taylor's Version)
85%
" Life was a (......) and it bent right to your wind, they count me out time and time again, life was a (......) and it bent right to your wind, but I come back stronger than a '90s trend " willow - evermore
83%
" Is this the end of all the endings? My broken bones are mending, with all these nights we're spending, up on the roof with a school girl crush, drinking beer out of plastic cups, say you fancy me, not fancy stuff, baby, all at once, this is enough " King of my Heart - reputation
70%
" Take me home, just take me home, yeah, just take me home, oh-oh, whoa-oh, oh " Style - 1989
67%
" And I remember that fight, 2:30 A.M, as everything was slipping right out of our hands, I ran out, crying, and you followed me out into the street, braced myself for the goodbye, 'Cause that's all I've ever known, then, you took me by surprise, you said, "I'll never leave you alone." " Mine - Speak Now
64%
" I, I, I persist and resist the temptation to ask you, if one thing had been different, would everything be different today? " the 1 - folklore
64%
" This is a (..... .. .....), this is the worthwhile fight, love is a ruthless game, unless you play it good and right, these are the hands of fate, you're my Achilles heel, this is the golden age, of something good and right and real " State Of Grace (Taylor's Version) - Red (Taylor's Version)
50%
" Two headlights shine through the sleepless night and I will get you a, get you alone, your name has echoed through my mind and I just think you should, think you should know, that nothing safe is worth the drive and I would follow you, follow you home, I'll follow you, follow you home " Treacherous (Taylor's Version) - Red (Taylor's Version)
34%
No matching quizzes found
Score Distribution
Percent of People with Each Score
Percentile by Number Answered
Your Score History
You have not taken this quiz